| 000 | 00724nam a2200181 i 4500 | ||
|---|---|---|---|
| 001 | 39396 | ||
| 003 | ES-MaACL | ||
| 005 | 20250901205745.0 | ||
| 007 | t| | ||
| 008 | 030303s1970 sp ||||1| spa d | ||
| 110 | 2 |
_aCámara Oficial de Comercio e Industria de León _92381 |
|
| 245 | 1 | 0 |
_aMemoria comercial y estudio sobre el desarrollo de los negocios ... con un resumen ... o memorias de trabajos _b: 1968-69 / _cCámara Oficial de Comercio e Industria de León. |
| 260 |
_a[León : _bs.n., _c1970] ( _fImp. Casado) |
||
| 300 |
_aXII, 152 p. : _b14 gráf. ; _c27 cm. |
||
| 610 | 2 | 4 |
_aCámara Oficial de Comercio e Industria de León- _vMemorias. _9170434 |
| 852 |
_aES-MaACL _jC-41445 _bR.76167 |
||
| 999 |
_c39396 _d39396 |
||